Statistics for African Countries with Nobel Laureates

Click here to take the quiz!

General Stats

  • This quiz has been taken 23 times
  • The average score is 8 of 10

Answer Stats

No. of laureatesCountry% Correct
4Egypt
95%
10South Africa
90%
1Kenya
90%
1Nigeria
90%
*2Algeria
86%
1Democratic republic of the Congo
86%
1Ethiopia
81%
1Ghana
71%
2Liberia
67%
*1Madagascar
62%

Score Distribution

Percentile by Number Answered

Percent of People with Each Score

Your Score History

You have not taken this quiz